Random F1 Knowledge Quiz - Statistics

General Stats
  • This quiz has been taken 778 times
  • The average score is 9 of 20
Answer Stats
Hint Answer % Correct
What is the name of Max Verstappens father? Jos
98%
Who is F1's first Chinese Driver who is racing for Alfa Romeo? Guanyu Zhou
77%
Danil Kvyat is currently the reserve driver for Alpine, but when he was racing, how many podiums did he get? 3
75%
Schumacher stood on the podium every race in what year? 2002
72%
What track had been raced at first. Austria or Suzuka? Austria
72%
Romain Grosjean had a horrible/firey crash at what F1 track Bahrain
69%
Who was the latest F1 champion for Ferrari? Kimi Raikkonen
65%
What is the Nationality of 1980 F1 Champion, Alan Jones? Australian
56%
George Russell proves that he is a master Qualifier in the wet, he proved this by starting P2 at what race? Spa
53%
Felipe Massa thought he won the 2008 Championship but Lewis Hamilton passed who to win the Championship by 1 point? Timo Glock
47%
Michael Schumacher made his debut with which F1 Team? Jordan
46%
2021 for Esteban Ocon was memorable because he won at what track? Hungaroring
45%
Lance Stroll got his first F1 pole at which cricut? Istanbul Park
29%
Where did he (Danil) get his latest podium at? Hockenheim
26%
Who did Ayrton Senna save during the 1992 Belgian GP? Erik Comas
16%
Sebastian Vettel races with the #5, who did he originally get that number from? Nigel Mansell
15%
What F1 driver was sadly killed after they hit a Marshall running across the track? Tom Pryce
14%
What was the name of that team the driver was racing for? Shadow
7%
What F1 team had Oliver Panis get their only win? Liger
6%
Kevin Magnussen only got 1 Podium in his career. Where was it and what year was it. 2014 Australian GP
3%
No matching quizzes found
Score Distribution
Percent of People with Each Score
Percentile by Number Answered
Your Score History
You have not taken this quiz